书目信息 |
| 题名: |
梦二画集
|
|
| 作者: | 竹久梦二 著 ;郭尔雅 译 | |
| 分册: | 夏之卷 | |
| 出版信息: | 北京 现代出版社 2016 |
|
| 页数: | 127页 | |
| 开本: | 23cm | |
| 丛书名: | 芦苇文丛 | |
| 单 册: | ||
| 中图分类: | I313.25 , J238.5(313) | |
| 科图分类: | ||
| 主题词: | 诗集--shi ji--日本--现代 , 插图(绘画)--cha tu (hui hua )--作品集--日本--现代 | |
| 电子资源: | ||
| ISBN: | 978-7-5143-4126-3 | |
| 000 | 00858nam0 22002771 450 | |
| 001 | 0122100939 | |
| 005 | 20170322100939.0 | |
| 010 | @a978-7-5143-4126-3@dCNY40.00 | |
| 100 | @a20160118d2016 em y0chiy50 ea | |
| 101 | 1 | @achi@cjpn |
| 102 | @aCN@b110000 | |
| 105 | @aa z 000gy | |
| 106 | @ar | |
| 200 | 1 | @a梦二画集@9meng er hua ji@i夏之卷@f(日)竹久梦二著@g郭尔雅译 |
| 210 | @a北京@c现代出版社@d2016 | |
| 215 | @a127页@d23cm | |
| 225 | 2 | @a芦苇文丛@9lu wei wen cong@i小雅@v2 |
| 461 | 0 | @12001 @a芦苇文丛@i小雅@v2 |
| 606 | 0 | @a诗集@9shi ji@y日本@z现代 |
| 606 | 0 | @a插图(绘画)@9cha tu (hui hua )@x作品集@y日本@z现代 |
| 690 | @aI313.25@v5 | |
| 690 | @aJ238.5(313)@v5 | |
| 701 | 0 | @c(日)@a竹久梦二@9zhu jiu meng er@f(1884~1934)@4著 |
| 702 | 0 | @a郭尔雅@9guo er ya@4译 |
| 801 | 0 | @aCN@bTANGWEI@c20170308 |
| 905 | @b0961054-7@dI313.25@e375@f4 | |
| 梦二画集.夏之卷/(日)竹久梦二著/郭尔雅译.-北京:现代出版社,2016 |
| 127页;23cm.-(芦苇文丛.小雅;2) |
| ISBN 978-7-5143-4126-3:CNY40.00 |
| ● |
| 相关链接 |
|
|
|
|
正题名:梦二画集
索取号:I313.25/375
 
预约/预借
| 序号 | 登录号 | 条形码 | 馆藏地/架位号 | 状态 | 备注 |
| 1 | 0961054 | 209610544 | 第一样本阅览室/ [索取号:I313.25/375] | 在馆 | |
| 2 | 0961055 | 209610553 | 第二借阅区/ [索取号:I313.25/375] | 在馆 | |
| 3 | 0961056 | 209610562 | 第二借阅区/ [索取号:I313.25/375] | 在馆 | |
| 4 | 0961057 | 209610571 | 第二借阅区/ [索取号:I313.25/375] | 在馆 |